000 00936pam a2200265 a 4500
005 20260322212036.0
008 data
010 _a 91029577
020 _a0399137149 (acidfree paper) :
_c{dollar}21.95 ({dollar}28.95 CAN)
020 _a978-0399137143 (acid-free paper) :
_c{dollar}21.95 ({dollar}28.95 CAN)
040 _aDLC
_cDLC
_dOCoLC
_dOCoLC
050 0 0 _aPS3569.P4534
_bB94 1992
082 0 0 _a813/.54
_220
099 _aSPENCL
100 1 _aSpencer, LaVyrle.
245 1 0 _aBygones /
_cLaVyrle Spencer.
260 _aNew York :
_bPutnam's,
_cc1992.
300 _a382 p. ;
_c24 cm.
655 7 _aLove stories.
_2gsafd
906 _a7
_bcbc
_corignew
_d1
_eocip
_f19
_gy-gencatlg
925 0 _aacquire
_b1 shelf copy
_xpolicy default
991 _bc-GenColl
_hPS3569.P4534
_iB94 1992
_p00020135037
_tCopy 1
_wBOOKS
001 data
999 _c847
_d847